000
00209 a2200097 4500
001
11819
100
_a
Dickson H.R.P.
245
_a
The Arab of the Desert
260
_a
_b
George Allen
_c
090
_c
9075
_d
9075
942
_a
NUST-CAE
_c
M
_c
35906
999
_c
246892
_d
246892